[Event "Liga Madrileña - DH 2012-2013"]
[Site "Madrid ESP"]
[Date "2013.01.27"]
[Round "7.45"]
[White "Sanchez Gonzalez, Sergio"]
[Black "Fernandez Barrera, Victor"]
[Result "1/2-1/2"]
[WhiteElo "2295"]
[BlackElo "2312"]
[PlyCount "117"]
[EventDate "2012.11.18"]
[EventRounds "14"]
[EventCountry "ESP"]
[Source "lmi"]
[SourceDate "2012.11.18"]
[WhiteTeam "Amigos del Retiro"]
[BlackTeam "Virgen de Atocha"]
[WhiteTeamCountry "ESP"]
[BlackTeamCountry "ESP"]

1. c4 Nf6 2. Nc3 d5 3. cxd5 Nxd5 4. g3 g6 5. Bg2 Nb6 6. Nf3 Bg7 7. d4 O-O 8.
O-O Nc6 9. e3 Re8 10. h3 e5 11. d5 Na5 12. e4 c6 13. Bg5 f6 14. Be3 cxd5 15.
Bxb6 axb6 16. exd5 Nc4 17. Nd2 Nd6 18. Qb3 Kh8 19. a4 Bd7 20. Nde4 Nxe4 21.
Nxe4 Bf8 22. h4 h6 23. Rfe1 Ra5 24. Nd2 b5 25. axb5 Rxb5 26. Qd3 Rxb2 27. Rab1
Bf5 28. Ne4 Rxb1 29. Rxb1 Re7 30. Qb3 Rd7 31. Rd1 Kg7 32. Qb5 h5 33. d6 b6 34.
Qc6 Qb8 35. Rb1 Qb7 36. Qb5 Qc8 37. Qxb6 Bxe4 38. Bxe4 Rxd6 39. Qa7+ Rd7 40.
Qxd7+ Qxd7 41. Rb7 Qxb7 42. Bxb7 f5 43. Kg2 Kf6 44. Ba6 Bc5 45. Bb5 e4 46. Be8
Bd6 47. f3 f4 48. gxf4 e3 49. Kf1 Bxf4 50. Ke2 Bh6 51. Kf1 Kf5 52. Bf7 Bf8 53.
Ke2 Bc5 54. Be8 g5 55. hxg5 Kxg5 56. f4+ Kg4 57. f5 h4 58. f6 Kf4 59. f7
1/2-1/2

[Event "Liga Madrileña - DH 2012-2013"]
[Site "Madrid ESP"]
[Date "2013.01.27"]
[Round "7.46"]
[White "Perez de Aranda, Leonardo Ivan"]
[Black "Perez Gonzalez, Jose Manuel"]
[Result "0-1"]
[WhiteElo "2109"]
[BlackElo "2314"]
[PlyCount "84"]
[EventDate "2012.11.18"]
[EventRounds "14"]
[EventCountry "ESP"]
[Source "lmi"]
[SourceDate "2012.11.18"]
[WhiteTeam "Virgen de Atocha"]
[BlackTeam "Amigos del Retiro"]
[WhiteTeamCountry "ESP"]
[BlackTeamCountry "ESP"]

1. e4 c5 2. c4 Nc6 3. Nc3 g6 4. g3 Bg7 5. Bg2 d6 6. Nge2 Nf6 7. O-O O-O 8. f4
Bg4 9. h3 Bxe2 10. Nxe2 Nd7 11. d3 Rb8 12. Rb1 Nd4 13. Be3 Nxe2+ 14. Qxe2 b5
15. g4 bxc4 16. dxc4 Rb6 17. g5 Qb8 18. Rf2 Qc7 19. f5 Rfb8 20. b3 a5 21. f6
exf6 22. Rbf1 a4 23. bxa4 Rb1 24. gxf6 Nxf6 25. Qd3 Rxf1+ 26. Qxf1 Nh5 27. e5
Rf8 28. Rb2 Bxe5 29. Rb7 Qd8 30. Bd5 Qh4 31. Qf2 Bg3 32. Qf3 Nf6 33. a5 Nxd5
34. cxd5 Qxh3 35. a6 Bh2+ 36. Kf2 Bg1+ 37. Ke2 Qh2+ 38. Kd3 Qxa2 39. Ra7 Qb3+
40. Ke2 Qb6 41. Bxg1 Qxa7 42. Qd3 Ra8 0-1

[Event "Liga Madrileña - DH 2012-2013"]
[Site "Madrid ESP"]
[Date "2013.02.03"]
[Round "8.11"]
[White "Adan Bermudez, Sergio"]
[Black "Almagro Llanas, Pablo"]
[Result "1/2-1/2"]
[WhiteElo "2285"]
[BlackElo "2442"]
[PlyCount "169"]
[EventDate "2012.11.18"]
[EventRounds "14"]
[EventCountry "ESP"]
[Source "lmi"]
[SourceDate "2012.11.18"]
[WhiteTeam "Pueblo Nuevo"]
[BlackTeam "Virgen de Atocha"]
[WhiteTeamCountry "ESP"]
[BlackTeamCountry "ESP"]

1. c4 Nf6 2. Nf3 g6 3. b3 Bg7 4. Bb2 O-O 5. g3 d6 6. Bg2 e5 7. O-O Re8 8. d3
Nc6 9. Nbd2 Nh5 10. Qc1 f5 11. e3 g5 12. h3 h6 13. e4 g4 14. hxg4 fxg4 15. Nh4
Nf4 16. gxf4 Qxh4 17. f5 h5 18. c5 Bh6 19. Rd1 g3 20. Qc4+ Kh8 21. Nf3 Qg4 22.
Bc1 Bxc1 23. Qxc1 Kh7 24. Qg5 Rg8 25. Qxg4 hxg4 26. Nh4 gxf2+ 27. Kxf2 dxc5 28.
Ng6 Bd7 29. Rh1+ Kg7 30. Rh4 Be8 31. Rxg4 Bxg6 32. Rxg6+ Kf7 33. Rxg8 Rxg8 34.
Rh1 Nb4 35. Bf1 Nxa2 36. d4 Kf6 37. dxc5 Rg4 38. Kf3 Rf4+ 39. Ke3 Nb4 40. Rh6+
Kg7 41. Rg6+ Kh7 42. Bd3 Rh4 43. Rg3 Rf4 44. Rg5 a5 45. Rg1 Rh4 46. Bc4 Rf4 47.
Rg2 b6 48. cxb6 cxb6 49. Rd2 Rh4 50. Rd7+ Kh6 51. f6 Nc2+ 52. Kd2 Rh2+ 53. Kc1
Ne3 54. f7 Kg7 55. Rd8 Rh1+ 56. Kb2 Nxc4+ 57. bxc4 Kxf7 58. Rd5 Kf6 59. Rb5 a4
60. Rxb6+ Kg5 61. c5 Rh3 62. Rb4 a3+ 63. Kc2 Kf4 64. c6 a2 65. Ra4 Rh6 66. Rxa2
Rxc6+ 67. Kd3 Rd6+ 68. Ke2 Rd4 69. Kf2 Rxe4 70. Rb2 Ra4 71. Rc2 e4 72. Rb2 Ra3
73. Ke2 Rh3 74. Rb8 Rh2+ 75. Ke1 Kf3 76. Re8 Ke3 77. Kf1 Rf2+ 78. Ke1 Rh2 79.
Kf1 Rf2+ 80. Ke1 Rh2 81. Kf1 Rh1+ 82. Kg2 Ra1 83. Re7 Rb1 84. Re8 Kd3 85. Kf2
1/2-1/2

[Event "Liga Madrileña - DH 2012-2013"]
[Site "Madrid ESP"]
[Date "2013.02.03"]
[Round "8.12"]
[White "Rubio Mejia, Luis Ignacio"]
[Black "Fernandez Lledo, Javier"]
[Result "1/2-1/2"]
[WhiteElo "2432"]
[BlackElo "2238"]
[PlyCount "77"]
[EventDate "2012.11.18"]
[EventRounds "14"]
[EventCountry "ESP"]
[Source "lmi"]
[SourceDate "2012.11.18"]
[WhiteTeam "Virgen de Atocha"]
[BlackTeam "Pueblo Nuevo"]
[WhiteTeamCountry "ESP"]
[BlackTeamCountry "ESP"]

1. d4 Nf6 2. c4 g6 3. Nc3 Bg7 4. e4 d6 5. Nf3 O-O 6. Be2 e5 7. Be3 Ng4 8. Bg5
f6 9. Bh4 g5 10. Bg3 Nh6 11. dxe5 dxe5 12. Qd5+ Nf7 13. h4 c6 14. Qxd8 Rxd8 15.
hxg5 fxg5 16. Nd2 Nd7 17. Nf1 Nc5 18. Rd1 Rd4 19. f3 Ne6 20. Bf2 Nf4 21. Ne3
Be6 22. g3 Nh3 23. Nf5 Nxf2 24. Kxf2 Bxf5 25. exf5 Nd6 26. g4 b6 27. Bd3 Rd8
28. Ke2 Bf6 29. b3 Kg7 30. Ke3 Nb7 31. Ne2 R4d6 32. Bc2 Rxd1 33. Rxd1 Rxd1 34.
Bxd1 a5 35. Bc2 Kf7 36. Be4 Nd8 37. Nc3 Be7 38. Kd3 Bc5 39. Kc2 1/2-1/2

[Event "Liga Madrileña - DH 2012-2013"]
[Site "Madrid ESP"]
[Date "2013.02.03"]
[Round "8.13"]
[White "Navarro Nicolas, Victor Manuel"]
[Black "Martinez Martin, David"]
[Result "1/2-1/2"]
[WhiteElo "2211"]
[BlackElo "2388"]
[PlyCount "61"]
[EventDate "2012.11.18"]
[EventRounds "14"]
[EventCountry "ESP"]
[Source "lmi"]
[SourceDate "2012.11.18"]
[WhiteTeam "Pueblo Nuevo"]
[BlackTeam "Virgen de Atocha"]
[WhiteTeamCountry "ESP"]
[BlackTeamCountry "ESP"]

1. d4 Nf6 2. c4 e6 3. Nc3 Bb4 4. e3 b6 5. Nge2 Ne4 6. f3 Nxc3 7. bxc3 Be7 8. e4
Nc6 9. Ng3 Ba6 10. Bd3 Na5 11. Qe2 c6 12. e5 d5 13. exd6 Qxd6 14. O-O c5 15. d5
O-O 16. f4 Rae8 17. Ne4 Qc7 18. d6 Bxd6 19. Nf6+ gxf6 20. Bxh7+ Kh8 21. Qh5 Rg8
22. Rf3 Rxg2+ 23. Kxg2 Bb7 24. Be4+ Kg7 25. Bxb7 Qxb7 26. Kf2 Qe4 27. f5 Qc2+
28. Kf1 Qd1+ 29. Kf2 Qc2+ 30. Kf1 Qd1+ 31. Kf2 1/2-1/2

[Event "Liga Madrileña - DH 2012-2013"]
[Site "Madrid ESP"]
[Date "2013.02.03"]
[Round "8.14"]
[White "Rabadan Velasco, Raul"]
[Black "Barez Menendez, Hector"]
[Result "1-0"]
[WhiteElo "2310"]
[BlackElo "2163"]
[PlyCount "129"]
[EventDate "2012.11.18"]
[EventRounds "14"]
[EventCountry "ESP"]
[Source "lmi"]
[SourceDate "2012.11.18"]
[WhiteTeam "Virgen de Atocha"]
[BlackTeam "Pueblo Nuevo"]
[WhiteTeamCountry "ESP"]
[BlackTeamCountry "ESP"]

1. e4 e5 2. Bc4 Nf6 3. d3 c6 4. Nf3 Be7 5. O-O d6 6. c3 O-O 7. Bb3 Bg4 8. h3
Bh5 9. Nbd2 Nbd7 10. Re1 Nc5 11. Bc2 Ne6 12. Nf1 Nd7 13. Ng3 Bxf3 14. Qxf3 g6
15. Bh6 Re8 16. Be3 Bg5 17. d4 Qf6 18. Qd1 Nb6 19. Bb3 Rac8 20. a4 c5 21. a5
Nd7 22. Bxg5 Nxg5 23. Ba4 Red8 24. d5 Qf4 25. Bxd7 Rxd7 26. Qd3 h5 27. Ra4 Rdc7
28. b3 Re7 29. Re3 Rce8 30. Ne2 Qf6 31. h4 Nh7 32. g3 g5 33. Rf3 Qg6 34. hxg5
Nxg5 35. Rf5 h4 36. gxh4 Nf3+ 37. Kf1 Nxh4 38. Ng3 Nxf5 39. Nxf5 Rd7 40. Ra2
Kf8 41. Qh3 f6 42. Nh4 Qh7 43. f3 Ke7 44. Rg2 Kd8 45. Qg4 Qh6 46. Nf5 Qc1+ 47.
Kf2 Qd2+ 48. Kf1 Qd3+ 49. Kf2 Rh8 50. Qg6 Qd2+ 51. Kg3 Qf4+ 52. Kf2 Rh3 53. Ng3
Qh6 54. Qxh6 Rxh6 55. Nf5 Rh1 56. Rg8+ Kc7 57. Ng7 b5 58. Ne8+ Kb7 59. Nxf6 Re7
60. Rd8 Rb1 61. Rxd6 Rxb3 62. a6+ Kb8 63. Re6 Rf7 64. d6 Rxc3 65. Re8# 1-0

[Event "Liga Madrileña - DH 2012-2013"]
[Site "Madrid ESP"]
[Date "2013.02.03"]
[Round "8.15"]
[White "Nunez Reiz, Antonio"]
[Black "Rudolf, Anna"]
[Result "0-1"]
[WhiteElo "2123"]
[BlackElo "2324"]
[PlyCount "36"]
[EventDate "2012.11.18"]
[EventRounds "14"]
[EventCountry "ESP"]
[Source "lmi"]
[SourceDate "2012.11.18"]
[WhiteTeam "Pueblo Nuevo"]
[BlackTeam "Virgen de Atocha"]
[WhiteTeamCountry "ESP"]
[BlackTeamCountry "ESP"]

1. e4 e6 2. d3 d5 3. Nd2 Nf6 4. Ngf3 Nc6 5. e5 Nd7 6. d4 Be7 7. c4 O-O 8. cxd5
exd5 9. Bd3 f6 10. h4 Nb4 11. Bxh7+ Kxh7 12. Ng5+ fxg5 13. hxg5+ Kg8 14. Rh8+
Kxh8 15. Qh5+ Kg8 16. g6 Nd3+ 17. Kd1 Nf6 18. Qh4 Nh5 0-1

[Event "Liga Madrileña - DH 2012-2013"]
[Site "Madrid ESP"]
[Date "2013.02.03"]
[Round "8.16"]
[White "Vazquez Torres, Adrian"]
[Black "Nieto de la Cruz, Julio"]
[Result "0-1"]
[WhiteElo "2205"]
[BlackElo "2111"]
[PlyCount "76"]
[EventDate "2012.11.18"]
[EventRounds "14"]
[EventCountry "ESP"]
[Source "lmi"]
[SourceDate "2012.11.18"]
[WhiteTeam "Virgen de Atocha"]
[BlackTeam "Pueblo Nuevo"]
[WhiteTeamCountry "ESP"]
[BlackTeamCountry "ESP"]

1. e4 g6 2. d4 Bg7 3. Nc3 d6 4. f4 a6 5. Nf3 b5 6. a4 b4 7. Nd5 Bb7 8. Bc4 e6
9. Nxb4 a5 10. Na2 Bxe4 11. d5 exd5 12. Bxd5 Bxd5 13. Qxd5 Nd7 14. O-O Ne7 15.
Qc4 O-O 16. Nc3 Rb8 17. Nb5 Rb7 18. Re1 d5 19. Qe2 Nf5 20. g4 Nh4 21. c3 Nxf3+
22. Qxf3 Nc5 23. Nd4 Bxd4+ 24. cxd4 Nb3 25. Ra3 Nxc1 26. Rxc1 Rxb2 27. f5 Qf6
28. Qf4 Re8 29. Rf3 Re4 30. Qxc7 Qxd4+ 31. Kh1 Qd2 32. Qc8+ Kg7 33. f6+ Kh6 34.
g5+ Kh5 35. Rh3+ Rh4 36. Rxh4+ Kxh4 37. Rc4+ dxc4 38. Qxc4+ Kh5 0-1

[Event "Liga Madrileña - DH 2012-2013"]
[Site "Madrid ESP"]
[Date "2013.02.03"]
[Round "8.21"]
[White "Valles Moreno, Ivan"]
[Black "Alcazar Jimenez, Victor Manuel"]
[Result "1/2-1/2"]
[WhiteElo "2382"]
[BlackElo "2373"]
[PlyCount "123"]
[EventDate "2012.11.18"]
[EventRounds "14"]
[EventCountry "ESP"]
[Source "lmi"]
[SourceDate "2012.11.18"]
[WhiteTeam "Amigos del Retiro"]
[BlackTeam "Blanco y Negro"]
[WhiteTeamCountry "ESP"]
[BlackTeamCountry "ESP"]

1. d4 Nf6 2. Bg5 Ne4 3. Bh4 g5 4. f3 gxh4 5. fxe4 c5 6. e3 Qa5+ 7. Nc3 Nc6 8.
Qh5 Bg7 9. Nf3 cxd4 10. Qxa5 Nxa5 11. exd4 Nc6 12. Nd5 O-O 13. c3 e6 14. Ne3
Bf6 15. O-O-O b6 16. Bd3 Bb7 17. g4 h6 18. Kb1 Bg5 19. Rde1 Ne7 20. Rhf1 Ng6
21. Bc2 b5 22. d5 a6 23. Nd4 Rae8 24. a4 Rb8 25. axb5 axb5 26. Nxb5 Ba6 27. c4
Ne5 28. Na3 Rb4 29. Nd1 Ra8 30. Rf2 h3 31. Rg1 Bb7 32. Rg3 Bh4 33. Rxh3 Bxf2
34. Nxf2 Kg7 35. Rb3 Rxb3 36. Bxb3 Ba6 37. Kc2 Rb8 38. Ba2 Kg6 39. Kc3 Kg5 40.
b4 Kf4 41. b5 Bc8 42. Bb1 Kf3 43. Nd3 Kxe4 44. Nb4+ Kf4 45. d6 Bb7 46. Nd3+
Nxd3 47. Bxd3 Ke5 48. c5 Rc8 49. Nc4+ Kd5 50. c6 dxc6 51. bxc6 Kxc6 52. Kd4 Kd7
53. Ke5 Rc5+ 54. Kf6 Bd5 55. Ne5+ Kxd6 56. Nxf7+ Kc7 57. Nxh6 Rc3 58. Bh7 Rh3
59. g5 Rxh2 60. Bg8 Rf2+ 61. Ke7 Rg2 62. Kf6 1/2-1/2

[Event "Liga Madrileña - DH 2012-2013"]
[Site "Madrid ESP"]
[Date "2013.02.03"]
[Round "8.22"]
[White "Alarcia Astriz, Carlos"]
[Black "Vallejo Diaz, Javier"]
[Result "1/2-1/2"]
[WhiteElo "2335"]
[BlackElo "2401"]
[PlyCount "66"]
[EventDate "2012.11.18"]
[EventRounds "14"]
[EventCountry "ESP"]
[Source "lmi"]
[SourceDate "2012.11.18"]
[WhiteTeam "Blanco y Negro"]
[BlackTeam "Amigos del Retiro"]
[WhiteTeamCountry "ESP"]
[BlackTeamCountry "ESP"]

1. e4 c5 2. Nf3 e6 3. d4 cxd4 4. Nxd4 a6 5. Nc3 Qc7 6. Be2 Nf6 7. O-O Nc6 8.
Kh1 Be7 9. f4 d6 10. Be3 O-O 11. Bf3 Bd7 12. Nxc6 Bxc6 13. Qd4 e5 14. Qd2 b5
15. Nd5 Bxd5 16. exd5 Rac8 17. c3 Nd7 18. a4 Nc5 19. Bxc5 Qxc5 20. axb5 axb5
21. f5 Rb8 22. Be4 Bf6 23. Ra6 Rb6 24. Rfa1 h6 25. h3 Rfb8 26. Rxb6 Rxb6 27.
Ra8+ Kh7 28. Qe2 Qc4 29. Qf3 b4 30. Qg4 Qf1+ 31. Kh2 Qf4+ 32. Kg1 Qc1+ 33. Kh2
Qf4+ 1/2-1/2

[Event "Liga Madrileña - DH 2012-2013"]
[Site "Madrid ESP"]
[Date "2013.02.03"]
[Round "8.23"]
[White "Sanchez Gonzalez, Sergio"]
[Black "Alcazar Jimenez, Jesus Alberto"]
[Result "1/2-1/2"]
[WhiteElo "2295"]
[BlackElo "2231"]
[PlyCount "114"]
[EventDate "2012.11.18"]
[EventRounds "14"]
[EventCountry "ESP"]
[Source "lmi"]
[SourceDate "2012.11.18"]
[WhiteTeam "Amigos del Retiro"]
[BlackTeam "Blanco y Negro"]
[WhiteTeamCountry "ESP"]
[BlackTeamCountry "ESP"]

1. c4 c5 2. Nf3 Nf6 3. Nc3 e6 4. d4 cxd4 5. Nxd4 Nc6 6. Ndb5 Bc5 7. Bf4 O-O 8.
e4 a6 9. Bc7 Qe7 10. Bd6 Bxd6 11. Nxd6 Ne8 12. Nxc8 Rxc8 13. Be2 d6 14. O-O Ne5
15. b3 b5 16. f4 Qa7+ 17. Kh1 Nd7 18. Qd2 b4 19. Na4 a5 20. a3 Qb7 21. Bf3 bxa3
22. Rxa3 Qb4 23. Qa2 e5 24. Nb2 Nc5 25. Rxa5 Qxb3 26. Qxb3 Nxb3 27. Rd5 exf4
28. Bg4 Rc7 29. Rxf4 Nc5 30. Bf3 Ne6 31. Rh4 Rb7 32. Nd1 Rb4 33. Ne3 Rb1+ 34.
Bd1 Nf6 35. Rxd6 g5 36. Rh6 Nxe4 37. Rd5 Ra8 38. h3 Nc3 39. Kh2 Nxd5 40. cxd5
Nf8 41. Bc2 Rb2 42. Rc6 Ra3 43. Ng4 Raa2 44. Be4 Re2 45. Bf3 Rec2 46. Nh6+ Kg7
47. Nf5+ Kh8 48. Rd6 Rc8 49. Rf6 Ng6 50. Nd6 Rc3 51. Be4 Nf4 52. Rxf7 Rxh3+ 53.
Kg1 Ra1+ 54. Kf2 Ra2+ 55. Kg1 Ra1+ 56. Kf2 Ra2+ 57. Kg1 Ra1+ 1/2-1/2

[Event "Liga Madrileña - DH 2012-2013"]
[Site "Madrid ESP"]
[Date "2013.02.03"]
[Round "8.24"]
[White "Martinez Lozano, Miguel Angel"]
[Black "Perez Gonzalez, Jose Manuel"]
[Result "0-1"]
[WhiteElo "2230"]
[BlackElo "2314"]
[PlyCount "100"]
[EventDate "2012.11.18"]
[EventRounds "14"]
[EventCountry "ESP"]
[Source "lmi"]
[SourceDate "2012.11.18"]
[WhiteTeam "Blanco y Negro"]
[BlackTeam "Amigos del Retiro"]
[WhiteTeamCountry "ESP"]
[BlackTeamCountry "ESP"]

1. e4 c5 2. Nf3 g6 3. d4 cxd4 4. Nxd4 Nc6 5. Nc3 Bg7 6. Be3 Nf6 7. Bc4 O-O 8.
Bb3 a5 9. O-O d6 10. h3 Nxd4 11. Bxd4 Bd7 12. a4 Bc6 13. Qd3 Nd7 14. Bxg7 Kxg7
15. Rad1 Nc5 16. Qd4+ f6 17. Rfe1 Qb6 18. Nd5 Bxd5 19. exd5 Rf7 20. Re3 Rc8 21.
Qg4 Rc7 22. h4 Nd7 23. Rde1 f5 24. Qe2 Nf6 25. Re6 Qd4 26. g3 Qxb2 27. Qb5 Qc3
28. R6e3 Qb4 29. Qxb4 axb4 30. Rd3 f4 31. Rd4 fxg3 32. fxg3 Rc3 33. Rxb4 Rxg3+
34. Kh2 Rf3 35. a5 h5 36. Rxb7 Ng4+ 37. Kg2 Ne5 38. a6 Rf2+ 39. Kg1 R2f4 40. a7
Rg4+ 41. Kh1 Rxh4+ 42. Kg2 Rg4+ 43. Kh1 Rh4+ 44. Kg2 Rg4+ 45. Kh1 Rf3 46. Kh2
Rf2+ 47. Kh3 Rf3+ 48. Kh2 Rf2+ 49. Kh3 Nf3 50. Rbxe7+ Kh6 0-1

[Event "Liga Madrileña - DH 2012-2013"]
[Site "Madrid ESP"]
[Date "2013.02.03"]
[Round "8.25"]
[White "Fernandez Garcia, Miguel Angel"]
[Black "Garrido Olivares, Ricard"]
[Result "1-0"]
[WhiteElo "2307"]
[BlackElo "2218"]
[PlyCount "105"]
[EventDate "2012.11.18"]
[EventRounds "14"]
[EventCountry "ESP"]
[Source "lmi"]
[SourceDate "2012.11.18"]
[WhiteTeam "Amigos del Retiro"]
[BlackTeam "Blanco y Negro"]
[WhiteTeamCountry "ESP"]
[BlackTeamCountry "ESP"]

1. d4 d5 2. c4 c6 3. Nf3 Nf6 4. g3 Bf5 5. Bg2 e6 6. O-O Nbd7 7. Nbd2 Be7 8. Nh4
Bg4 9. Re1 Qb6 10. h3 Bh5 11. g4 Bg6 12. Nxg6 hxg6 13. e3 O-O-O 14. c5 Qc7 15.
f4 Ne4 16. Nxe4 dxe4 17. Qa4 Kb8 18. b4 g5 19. b5 f5 20. Rb1 cxb5 21. Qxb5 Ka8
22. gxf5 exf5 23. c6 bxc6 24. Qxf5 gxf4 25. Qxe4 Nb6 26. Qxc6+ Qxc6 27. Bxc6+
Kb8 28. Bg2 fxe3 29. Bxe3 Bd6 30. a4 Rh5 31. Bd2 Bg3 32. Re4 Rh4 33. Rxh4 Bxh4
34. a5 Rxd4 35. Bc3 Rd7 36. axb6 axb6 37. Rxb6+ Kc7 38. Rb7+ Kd6 39. Rxd7+ Kxd7
40. Bxg7 Ke6 41. Kf1 Kf7 42. Bd4 Bf6 43. Be3 Kg7 44. Ke2 Kh8 45. Kf3 Kg7 46.
Kg4 Bc3 47. h4 Bf6 48. h5 Bc3 49. h6+ Kh8 50. Kg5 Kh7 51. Be4+ Kg8 52. Kg6 Be5
53. Bc5 1-0

[Event "Liga Madrileña - DH 2012-2013"]
[Site "Madrid ESP"]
[Date "2013.02.03"]
[Round "8.26"]
[White "Rivas Vila, David"]
[Black "Vallejo Diaz, Jesus"]
[Result "1-0"]
[WhiteElo "2213"]
[BlackElo "2290"]
[PlyCount "79"]
[EventDate "2012.11.18"]
[EventRounds "14"]
[EventCountry "ESP"]
[Source "lmi"]
[SourceDate "2012.11.18"]
[WhiteTeam "Blanco y Negro"]
[BlackTeam "Amigos del Retiro"]
[WhiteTeamCountry "ESP"]
[BlackTeamCountry "ESP"]

1. e4 c5 2. Nc3 e6 3. Nge2 Nc6 4. g3 Nf6 5. Bg2 Be7 6. O-O O-O 7. d3 Rb8 8. Nf4
b5 9. Nh5 Nd4 10. Nxf6+ Bxf6 11. f4 d6 12. Re1 Qc7 13. e5 Be7 14. exd6 Bxd6 15.
Ne4 Bb7 16. Be3 Rfd8 17. Bxd4 cxd4 18. Qd2 Be7 19. Re2 h6 20. Rf1 f5 21. Nf2
Bxg2 22. Kxg2 Rb6 23. Nh3 Ra6 24. a3 b4 25. axb4 Qb7+ 26. Kf2 Bxb4 27. Qc1 Be7
28. Ng1 Ra2 29. Rxe6 Bf6 30. Rfe1 Rxb2 31. Nf3 a5 32. Nd2 Rc8 33. Re8+ Rxe8 34.
Rxe8+ Kf7 35. Re1 Qb4 36. Nc4 Ra2 37. Qd1 Kg6 38. h4 Qc3 39. h5+ Kh7 40. Re2
1-0

[Event "Liga Madrileña - DH 2012-2013"]
[Site "Madrid ESP"]
[Date "2013.02.03"]
[Round "8.31"]
[White "Moreno Trujillo, Alejandro"]
[Black "Vazquez Igarza, Renier"]
[Result "1/2-1/2"]
[WhiteElo "2509"]
[BlackElo "2565"]
[PlyCount "107"]
[EventDate "2012.11.18"]
[EventRounds "14"]
[EventCountry "ESP"]
[Source "lmi"]
[SourceDate "2012.11.18"]
[WhiteTeam "64 Villalba"]
[BlackTeam "Collado Villalba"]
[WhiteTeamCountry "ESP"]
[BlackTeamCountry "ESP"]

1. d4 Nf6 2. Nf3 d5 3. c4 e6 4. Nc3 Be7 5. Bg5 h6 6. Bh4 O-O 7. e3 b6 8. cxd5
Nxd5 9. Bxe7 Qxe7 10. Nxd5 exd5 11. Rc1 Be6 12. Be2 c5 13. b3 a5 14. O-O a4 15.
Ne5 axb3 16. axb3 Rc8 17. Bf3 Nd7 18. Nd3 Nf6 19. dxc5 bxc5 20. Rc3 Rab8 21.
Nf4 Qd6 22. Nxe6 fxe6 23. Qc2 Rc7 24. Rc1 Rbc8 25. h3 Kf7 26. e4 d4 27. Rc4 Nd7
28. Bh5+ Ke7 29. b4 Kd8 30. Qa2 Qe5 31. Bg4 cxb4 32. Rxc7 Rxc7 33. Rxc7 Kxc7
34. Bxe6 Nb6 35. Bd5 Nxd5 36. exd5 Qe1+ 37. Kh2 Kd6 38. Qa8 Qe5+ 39. g3 Qxd5
40. Qf8+ Kd7 41. Qxb4 d3 42. Qd2 Qf3 43. Qb2 Ke8 44. Qd4 Qe2 45. Qa4+ Kf8 46.
Qb4+ Kf7 47. Qc4+ Kg6 48. Kg2 h5 49. g4 h4 50. Qd5 Kh7 51. Qh5+ Kg8 52. Qd5+
Kf8 53. Qd8+ Kf7 54. Qd7+ 1/2-1/2

[Event "Liga Madrileña - DH 2012-2013"]
[Site "Madrid ESP"]
[Date "2013.02.03"]
[Round "8.33"]
[White "Renteria Becerra, Jorge Elicer"]
[Black "Reyes Larena, Juan"]
[Result "1/2-1/2"]
[WhiteElo "2300"]
[BlackElo "2441"]
[PlyCount "43"]
[EventDate "2012.11.18"]
[EventRounds "14"]
[EventCountry "ESP"]
[Source "lmi"]
[SourceDate "2012.11.18"]
[WhiteTeam "64 Villalba"]
[BlackTeam "Collado Villalba"]
[WhiteTeamCountry "ESP"]
[BlackTeamCountry "ESP"]

1. d4 Nf6 2. Nf3 g6 3. Bf4 Bg7 4. e3 O-O 5. h3 d6 6. Be2 c5 7. c3 Qb6 8. Qc1
Nc6 9. Nbd2 Nd5 10. Bh2 cxd4 11. exd4 e5 12. Nc4 Qc7 13. dxe5 dxe5 14. O-O Nf4
15. Bxf4 exf4 16. Rd1 Be6 17. Ng5 Bxc4 18. Bxc4 h6 19. Nf3 Ne5 20. Be2 Nxf3+
21. Bxf3 Rad8 22. Qc2 1/2-1/2

[Event "Liga Madrileña - DH 2012-2013"]
[Site "Madrid ESP"]
[Date "2013.02.03"]
[Round "8.34"]
[White "Herrera, Irisberto"]
[Black "Lopez del Alamo, Antonio"]
[Result "1/2-1/2"]
[WhiteElo "2444"]
[BlackElo "2241"]
[PlyCount "72"]
[EventDate "2012.11.18"]
[EventRounds "14"]
[EventCountry "ESP"]
[Source "lmi"]
[SourceDate "2012.11.18"]
[WhiteTeam "Collado Villalba"]
[BlackTeam "64 Villalba"]
[WhiteTeamCountry "ESP"]
[BlackTeamCountry "ESP"]

1. e4 c5 2. Nf3 e6 3. d4 cxd4 4. Nxd4 Nf6 5. Bd3 Nc6 6. Be3 e5 7. Nxc6 dxc6 8.
h3 Bd6 9. Nd2 Qe7 10. O-O O-O 11. Nc4 Bc5 12. Bg5 h6 13. Bh4 Qe6 14. Ne3 Bxe3
15. fxe3 Nd7 16. b4 f6 17. Qe2 Qe7 18. c3 Nb6 19. a4 Be6 20. a5 Nc8 21. Rfd1
Nd6 22. c4 Nf7 23. c5 a6 24. Rf1 Rad8 25. Bc2 Rd7 26. Be1 Rfd8 27. Bc3 Ng5 28.
h4 Nh7 29. Rad1 Nf8 30. Rxd7 Rxd7 31. Rd1 Qd8 32. Rxd7 Qxd7 33. Qd1 Qxd1+ 34.
Bxd1 Bc4 35. Kf2 Kf7 36. g4 g5 1/2-1/2

[Event "Liga Madrileña - DH 2012-2013"]
[Site "Madrid ESP"]
[Date "2013.02.03"]
[Round "8.36"]
[White "Cao Armillas, Jesus"]
[Black "Bermejo Prieto, Juan Ramon"]
[Result "1-0"]
[WhiteElo "1724"]
[BlackElo "2173"]
[PlyCount "45"]
[EventDate "2012.11.18"]
[EventRounds "14"]
[EventCountry "ESP"]
[Source "lmi"]
[SourceDate "2012.11.18"]
[WhiteTeam "Collado Villalba"]
[BlackTeam "64 Villalba"]
[WhiteTeamCountry "ESP"]
[BlackTeamCountry "ESP"]

1. d4 Nf6 2. c4 g6 3. Nc3 d5 4. Nf3 Bg7 5. Qb3 dxc4 6. Qxc4 O-O 7. e4 a6 8. Qb3
b5 9. Be2 c5 10. dxc5 Be6 11. Qc2 Qc7 12. Be3 Rd8 13. h3 Nc6 14. O-O Rac8 15.
Rac1 Nd7 16. Nd5 Bxd5 17. exd5 Nce5 18. Rfd1 Nb6 19. Qb3 Nbc4 20. Nxe5 Nxe3 21.
Nxf7 Nxd1 22. d6 exd6 23. Nxd8+ 1-0

[Event "Liga Madrileña - DH 2012-2013"]
[Site "Madrid ESP"]
[Date "2013.02.03"]
[Round "8.41"]
[White "Candela Perez, Jose"]
[Black "Pilgaard, Kim"]
[Result "1-0"]
[WhiteElo "2393"]
[BlackElo "2432"]
[PlyCount "87"]
[EventDate "2012.11.18"]
[EventRounds "14"]
[EventCountry "ESP"]
[Source "lmi"]
[SourceDate "2012.11.18"]
[WhiteTeam "Casa del Ajedrez"]
[BlackTeam "Cafe Comercial"]
[WhiteTeamCountry "ESP"]
[BlackTeamCountry "ESP"]

1. e4 e5 2. Nf3 Nc6 3. Bc4 Bc5 4. c3 Nf6 5. d3 a6 6. O-O d6 7. Bb3 O-O 8. h3 h6
9. Re1 Ba7 10. Nbd2 Be6 11. Nf1 Ne7 12. d4 Ng6 13. Bxe6 fxe6 14. Qb3 Qd7 15.
dxe5 dxe5 16. Be3 Bxe3 17. Nxe3 Qc6 18. Nc4 Qc5 19. Qb4 Qxb4 20. cxb4 Rad8 21.
Na5 b6 22. Nc6 Rd6 23. Rac1 Nd7 24. Rc3 Nf4 25. Ncxe5 Nxe5 26. Nxe5 Rd2 27. Rf3
g5 28. Kh2 Rxb2 29. a3 Nh5 30. Rxf8+ Kxf8 31. Kg1 Nf4 32. g3 Ne2+ 33. Kg2 Ke7
34. Rd1 c5 35. bxc5 bxc5 36. Rd7+ Ke8 37. Rd6 Ke7 38. Rxa6 Nc3 39. Nd3 Rb5 40.
a4 c4 41. axb5 cxd3 42. b6 d2 43. b7 d1=Q 44. b8=Q 1-0

[Event "Liga Madrileña - DH 2012-2013"]
[Site "Madrid ESP"]
[Date "2013.02.03"]
[Round "8.42"]
[White "Ortega Ruiz, Jose Miguel"]
[Black "Gallego Jimenez, Victoriano"]
[Result "0-1"]
[WhiteElo "2323"]
[BlackElo "2385"]
[PlyCount "78"]
[EventDate "2012.11.18"]
[EventRounds "14"]
[EventCountry "ESP"]
[Source "lmi"]
[SourceDate "2012.11.18"]
[WhiteTeam "Cafe Comercial"]
[BlackTeam "Casa del Ajedrez"]
[WhiteTeamCountry "ESP"]
[BlackTeamCountry "ESP"]

1. d4 e6 2. c4 b6 3. Nf3 Bb7 4. g3 Bb4+ 5. Bd2 Bxf3 6. exf3 Bxd2+ 7. Qxd2 d5 8.
Nc3 Ne7 9. cxd5 exd5 10. Bg2 c6 11. O-O O-O 12. b4 a6 13. a4 Qd6 14. b5 axb5
15. axb5 Rxa1 16. Rxa1 cxb5 17. Nxb5 Qd7 18. Nc3 Nbc6 19. f4 Rc8 20. Qb2 Qd8
21. Re1 Nxd4 22. Nxd5 Nxd5 23. Qxd4 Nf6 24. Qb4 Qc7 25. Rb1 Rb8 26. Qb5 Qc2 27.
h3 Qc7 28. Kh2 Nd7 29. Re1 Nf6 30. Rb1 h5 31. Rb4 Qc2 32. Rb2 Qc7 33. Qg5 Qc3
34. Rb5 Qd2 35. Rf5 Qd4 36. Kg1 Rc8 37. g4 Rc1+ 38. Kh2 Qxf2 39. Rxf6 h4 0-1